| 000 | 00640nam a2200241Ia 4500 | ||
|---|---|---|---|
| 003 | OSt | ||
| 005 | 20221007071351.0 | ||
| 006 | a|||||r|||| 00| 0 | ||
| 007 | ta | ||
| 008 | 221006b |||||||| |||| 00| 0 eng d | ||
| 024 | _a14,934 | ||
| 037 | _cTextual | ||
| 040 |
_aFLL _cFLL _beng |
||
| 041 |
_2eng _aeng |
||
| 082 | _aX:955:Z3, G9 | ||
| 100 |
_aAddington Willis Au. _9688602 |
||
| 245 | 0 | _aWorkmen compensation arts, | |
| 250 | _a32nd | ||
| 260 |
_aLondon _bButterworths London _c1939 |
||
| 300 |
_acliii,1128p _ccm. |
||
| 942 |
_hX:955:Z3, G9 _cTEXL _2CC |
||
| 999 |
_c1143159 _d1143159 |
||